000 00280nam a22001337a 4500
008 170531b xxu||||| |||| 00| 0 eng d
020 _a252725085
041 _aeng
080 _a93
100 _a17
101 _aSHH
245 _aILLNIOIS IN 1818
_cNEVINS, A
942 _2udc
_cBK
999 _c15107
_d15107